Historie centrální banky Arménie a Gruzie

Základné informácie o histórii a súčasnosti centrálnych bánk Arménska a Gruzínska.

Guardado en:
Detalles Bibliográficos
Autor principal: Kalabis, Zbyněk
Formato: Capítulo de libro
Lenguaje:checo
Materias:
Etiquetas: Agregar Etiqueta
Sin Etiquetas, Sea el primero en etiquetar este registro!

MARC

LEADER 00000naa a2200000 4500
001 0248621
005 20181106083729.3
041 0 |a cze 
044 |a CZ 
245 1 0 |a Historie centrální banky Arménie a Gruzie  |c Zbyněk Kalabis 
520 |a Základné informácie o histórii a súčasnosti centrálnych bánk Arménska a Gruzínska. 
610 2 0 |a banky centrálne 
610 2 0 |a história 
610 2 0 |a Arménsko 
610 2 0 |a Gruzínsko 
100 1 |a Kalabis, Zbyněk